[Event "GER-ch Net blitz qual4"]
[Site "Playchess.com INT"]
[Date "2021.05.10"]
[Round "5"]
[White "Henrich, David"]
[Black "Kleeschaetzky, Rainer"]
[Result "0-1"]
[WhiteElo "1909"]
[BlackElo "2063"]
[PlyCount "146"]
[EventDate "2021.05.10"]
[EventType "swiss (blitz)"]
[EventRounds "11"]
[EventCountry "GER"]
[SourceTitle "CBM 202 Extra"]
[Source "ChessBase"]
[SourceDate "2021.07.31"]
[SourceVersion "1"]
[SourceVersionDate "2021.07.31"]
[SourceQuality "1"]

1. c4 c6 2. Nf3 d5 3. e3 Nf6 4. Nc3 Bg4 5. Qb3 Qb6 6. Qxb6 axb6 7. cxd5 Nxd5 8. Nxd5 cxd5 9. Bb5+ Nc6 10. Ne5 Bd7 11. Nxd7 Kxd7 12. d4 e6 13. Bd2 Bd6 14. f4 Rhc8 15. Ke2 Ke7 16. Rhc1 Na7 17. Bd3 g6 18. Rxc8 Rxc8 19. Rc1 Nc6 20. Bb5 h5 21. h4 Kd8 22. g3 Kd7 23. a3 Ra8 24. Rc2 Rf8 25. Bd3 Rc8 26. Rc1 Rf8 27. Rc2 Ra8 28. Rc1 Na5 29. Bb5+ Ke7 30. Bxa5 bxa5 31. a4 f6 32. b3 Rg8 33. Kd3 g5 34. hxg5 fxg5 35. Rh1 h4 36. Rh3 Kf7 37. Kd2 Bb4+ 38. Ke2 Be7 39. Kd2 g4 40. Rh1 hxg3 41. Rg1 Bh4 42. Be2 Kf6 43. Bd3 Kg7 44. Rg2 Kh6 45. Rg1 Kh5 46. Rg2 Rc8 47. Rg1 Rf8 48. Rg2 Rh8 49. Rg1 Kh6 50. Be2 Kh5 51. Rg2 Rd8 52. Rg1 e5 53. fxe5 Rf8 54. Rf1 g2 55. Rg1 Rf2 56. Kd3 Kg5 57. Kd2 Bg3 58. Kd3 Bh2 59. Rc1 g1Q 60. Rxg1 Bxg1 61. Kd2 g3 62. Ke1 Rf8 63. Bf1 Bxe3 64. Bg2 Rd8 65. e6 Kf6 66. Bh3 Bxd4 67. Ke2 Be5 68. Kf3 d4 69. Ke2 d3+ 70. Kd1 Bf4 71. Bg4 Ke7 72. Bh3 Rc8 73. Ke1 Rc1# 0-1

[Event "GER-ch Net blitz qual2"]
[Site "Playchess.com INT"]
[Date "2021.05.04"]
[Round "5"]
[White "Hein, Ralf1111"]
[Black "Henrich, David"]
[Result "0-1"]
[WhiteElo "1666"]
[BlackElo "1838"]
[PlyCount "88"]
[EventDate "2021.05.04"]
[EventType "swiss (blitz)"]
[EventRounds "11"]
[EventCountry "GER"]
[SourceTitle "CBM 202 Extra"]
[Source "ChessBase"]
[SourceDate "2021.07.31"]
[SourceVersion "1"]
[SourceVersionDate "2021.07.31"]
[SourceQuality "1"]

1. e4 d6 2. d4 Nf6 3. Bd3 Nbd7 4. f4 e5 5. dxe5 dxe5 6. f5 Nxe4 7. Bxe4 Qh4+ 8. Kf1 Qxe4 9. Qd3 Qxd3+ 10. cxd3 Nf6 11. Nf3 Bd6 12. Nh4 Bd7 13. Nc3 0-0-0 14. Bg5 Bc6 15. Bxf6 gxf6 16. Ke2 Rhg8 17. Ne4 Bxe4 18. dxe4 Rg4 19. g3 Rxe4+ 20. Kf3 Rb4 21. b3 e4+ 22. Ke2 Be5 23. Rad1 Rbd4 24. Rxd4 Rxd4 25. Rd1 c5 26. Ng2 a5 27. Ne3 b5 28. Nc2 Rxd1 29. Kxd1 Kd7 30. Ke2 Kc6 31. Ke3 Kd5 32. Na3 Bd4+ 33. Ke2 Kc6 34. g4 h6 35. h3 a4 36. Nc2 axb3 37. axb3 Kd5 38. Na3 c4 39. Nxb5 cxb3 40. Na3 Ke5 41. Kd2 Kf4 42. Nb5 Be5 43. Nc3 Bxc3+ 44. Kxc3 e3 0-1

[Event "GER-ch Net blitz qual2"]
[Site "Playchess.com INT"]
[Date "2021.05.04"]
[Round "3"]
[White "Henrich, David"]
[Black "Schell, Peter"]
[Result "0-1"]
[WhiteElo "1838"]
[BlackElo "1620"]
[PlyCount "70"]
[EventDate "2021.05.04"]
[EventType "swiss (blitz)"]
[EventRounds "11"]
[EventCountry "GER"]
[SourceTitle "CBM 202 Extra"]
[Source "ChessBase"]
[SourceDate "2021.07.31"]
[SourceVersion "1"]
[SourceVersionDate "2021.07.31"]
[SourceQuality "1"]

1. c4 Nf6 2. g3 c6 3. Nf3 e6 4. Bg2 d5 5. 0-0 Be7 6. b3 0-0 7. Bb2 Nbd7 8. d4 Ne4 9. Nc3 f5 10. Ne5 Nxe5 11. dxe5 Bb4 12. Nxe4 fxe4 13. cxd5 cxd5 14. f3 exf3 15. exf3 Bd7 16. a3 Bc5+ 17. Bd4 Qb6 18. Bxc5 Qxc5+ 19. Kh1 Bb5 20. Re1 Rac8 21. Bh3 Bd7 22. b4 Qc3 23. Bg2 Bc6 24. Qc1 d4 25. Qxc3 dxc3 26. Re3 Bd5 27. Rc1 c2 28. Re2 Rxf3 29. Kg1 Rfc3 30. Bxd5 exd5 31. Rd2 Kf7 32. Rxd5 Rb3 33. Kf2 Rb1 34. Rd7+ Ke6 35. Rd6+ Kxe5 0-1

[Event "GER-ch Net blitz qual2"]
[Site "Playchess.com INT"]
[Date "2021.05.04"]
[Round "7"]
[White "Mittag, Ralf"]
[Black "Henrich, David"]
[Result "1/2-1/2"]
[WhiteElo "2049"]
[BlackElo "1838"]
[PlyCount "77"]
[EventDate "2021.05.04"]
[EventType "swiss (blitz)"]
[EventRounds "11"]
[EventCountry "GER"]
[SourceTitle "CBM 202 Extra"]
[Source "ChessBase"]
[SourceDate "2021.07.31"]
[SourceVersion "1"]
[SourceVersionDate "2021.07.31"]
[SourceQuality "1"]

1. e4 d6 2. Nf3 Nf6 3. d3 c5 4. g3 Nc6 5. Bg2 g6 6. 0-0 Bg7 7. Re1 0-0 8. c3 e5 9. d4 cxd4 10. cxd4 exd4 11. Nxd4 d5 12. exd5 Nxd5 13. Nxc6 bxc6 14. Qc2 Qf6 15. Nd2 Bf5 16. Ne4 Qe6 17. Bg5 Bxe4 18. Bxe4 Qd7 19. Rad1 Rfe8 20. Bg2 Rxe1+ 21. Rxe1 Re8 22. Rc1 Nb4 23. Qb3 Nd5 24. Rd1 Qe6 25. Bxd5 cxd5 26. Qxd5 Qxd5 27. Rxd5 Bxb2 28. Rd7 a5 29. Be3 a4 30. Ra7 Re4 31. Kg2 Kg7 32. Kf3 Rc4 33. Rb7 a3 34. Rd7 h5 35. h4 Kf8 36. Rd2 Ke7 37. Rd3 Ke6 38. Bd2 f5 39. Rb3 1/2-1/2

[Event "Wiesbaden op 31st"]
[Site "Wiesbaden"]
[Date "2019.08.24"]
[Round "5"]
[White "Henrich, David"]
[Black "Scholz, Christian"]
[Result "1/2-1/2"]
[WhiteElo "2126"]
[BlackElo "2372"]
[PlyCount "106"]
[EventDate "2019.08.22"]
[EventType "swiss"]
[EventRounds "7"]
[EventCountry "GER"]
[SourceTitle "EXT 2020"]
[Source "ChessBase"]
[SourceDate "2019.10.17"]
[SourceVersion "1"]
[SourceVersionDate "2019.10.17"]
[SourceQuality "1"]

1. Nf3 Nf6 2. c4 g6 3. Nc3 Bg7 4. g3 0-0 5. Bg2 d6 6. d4 Nc6 7. 0-0 a6 8. Qd3 e5 9. dxe5 dxe5 10. Qxd8 Rxd8 11. Bg5 Be6 12. Nd2 Rd4 13. Be3 Rd7 14. Nde4 Nxe4 15. Nxe4 Nd4 16. Nc5 Nxe2+ 17. Kh1 Re7 18. Bxb7 Rb8 19. b3 a5 20. Nxe6 Rxe6 21. Rad1 h5 22. Bd5 Ra6 23. Rd3 c6 24. Bg2 Nd4 25. f4 c5 26. fxe5 Bxe5 27. Bd5 Ra7 28. Bg5 Kg7 29. Re3 f6 30. Rxe5 fxe5 31. Bf6+ Kh7 32. Bxe5 Rd8 33. Rf6 Re7 34. Bd6 Re1+ 35. Kg2 Re2+ 36. Kh3 Rxd6 37. Rxd6 g5 38. Rd7+ Kh6 39. Rd6+ Kg7 40. Rd7+ Kf6 41. Rf7+ Kg6 42. g4 h4 43. Rf8 Rxa2 44. Rg8+ Kh6 45. Rh8+ Kg7 46. Rg8+ Kf6 47. Rf8+ Ke7 48. Rg8 Nxb3 49. Rxg5 a4 50. Re5+ Kf6 51. Re6+ Kg5 52. Re5+ Kf6 53. Re6+ Kg5 1/2-1/2

[Event "Hofheim Spring op 7th"]
[Site "Hofheim"]
[Date "2019.04.25"]
[Round "4"]
[White "Henrich, David"]
[Black "Bharath, Subramaniyam H"]
[Result "0-1"]
[WhiteElo "2168"]
[BlackElo "2301"]
[PlyCount "100"]
[EventDate "2019.04.23"]
[EventType "swiss"]
[EventRounds "9"]
[EventCountry "GER"]
[SourceTitle "CBM 190 Extra"]
[Source "ChessBase"]
[SourceDate "2019.07.15"]
[SourceVersion "1"]
[SourceVersionDate "2019.07.15"]
[SourceQuality "1"]

1. Nf3 Nf6 2. c4 c5 3. Nc3 e6 4. e3 b6 5. d4 cxd4 6. exd4 Bb7 7. Bd3 d6 8. 0-0 Be7 9. Qe2 0-0 10. Re1 Nbd7 11. Bf4 Re8 12. Rad1 a6 13. h3 Qc8 14. Bh2 Nf8 15. Nd2 Ng6 16. Nf1 d5 17. Ne3 dxc4 18. Bxg6 hxg6 19. Qxc4 b5 20. Qxc8 Raxc8 21. d5 Bb4 22. dxe6 Rxe6 23. Ng4 Rxe1+ 24. Rxe1 Ne4 25. Be5 Nxc3 26. bxc3 Bxc3 27. Bxc3 Rxc3 28. Re8+ Kh7 29. Rd8 Bc8 30. Ne5 Be6 31. Nf3 f6 32. Rd6 Bxa2 33. Rxa6 Bc4 34. Nd2 Bd5 35. Rb6 Rc1+ 36. Kh2 Rc2 37. Nf1 Rxf2 38. Ne3 Be4 39. Rxb5 Re2 40. Rb3 f5 41. Kg1 f4 42. Ng4 Rxg2+ 43. Kf1 Rc2 44. Nf2 Rc6 45. Ra3 g5 46. Ra5 Bf3 47. Ra1 Kg6 48. Kg1 Kh5 49. Ra7 Rc1+ 50. Kh2 Rf1 0-1

[Event "Pfalz op 10th"]
[Site "Neustadt an der Weinstrasse"]
[Date "2019.03.05"]
[Round "8"]
[White "Henrich, David"]
[Black "Wachsmann, Dietmar"]
[Result "1/2-1/2"]
[WhiteElo "2181"]
[BlackElo "2069"]
[PlyCount "49"]
[EventDate "2019.03.01"]
[EventType "swiss"]
[EventRounds "9"]
[EventCountry "GER"]
[SourceTitle "CBM 189 Extra"]
[Source "ChessBase"]
[SourceDate "2019.06.03"]
[SourceVersion "1"]
[SourceVersionDate "2019.06.03"]
[SourceQuality "1"]

1. Nf3 d6 2. d3 g6 3. e4 c5 4. Be3 Bg7 5. c3 Nc6 6. h3 Nf6 7. Nbd2 0-0 8. a4 e5 9. Be2 b6 10. 0-0 d5 11. Bg5 Qd6 12. exd5 Nxd5 13. Nc4 Qc7 14. Re1 Be6 15. Bf1 f6 16. Bd2 Bf7 17. Rc1 Rad8 18. g3 Rfe8 19. Qc2 Qb8 20. Rcd1 a6 21. Ne3 Nde7 22. Bc1 Na5 23. Nd2 b5 24. axb5 axb5 25. b3 1/2-1/2

[Event "Hessen Cup Goldener Springer"]
[Site "Griesheim"]
[Date "2019.01.18"]
[Round "1"]
[White "Engel, Jan"]
[Black "Henrich, David"]
[Result "0-1"]
[WhiteElo "1860"]
[BlackElo "2178"]
[PlyCount "70"]
[EventDate "2019.01.18"]
[EventType "swiss"]
[EventRounds "6"]
[EventCountry "GER"]
[SourceTitle "EXT 2020"]
[Source "ChessBase"]
[SourceDate "2019.10.17"]
[SourceVersion "1"]
[SourceVersionDate "2019.10.17"]
[SourceQuality "1"]

1. e4 d6 2. d4 Nf6 3. Nc3 Nbd7 4. f4 e5 5. Nf3 exd4 6. Nxd4 Nc5 7. Bd3 Be7 8. 0-0 0-0 9. Kh1 Nxd3 10. cxd3 c5 11. Nf3 b6 12. b3 Bb7 13. Bb2 d5 14. e5 Ng4 15. Qe2 d4 16. Ne4 Ne3 17. Rf2 f5 18. Ned2 Nd5 19. Ne1 Bh4 20. Rf3 Nc3 21. Bxc3 dxc3 22. Nc4 Bxe1 23. Rxe1 Bxf3 24. Qxf3 Qd4 25. Nd6 Rad8 26. g3 a6 27. Kg2 b5 28. Kf1 Rxd6 29. exd6 Qxd6 30. Re5 Rd8 31. Qe2 g6 32. Ke1 Kf7 33. Qe3 Qxd3 34. Re7+ Kf8 35. Re8+ Rxe8 0-1

[Event "Rhein Main op-A 21st"]
[Site "Bad Homburg"]
[Date "2018.06.02"]
[Round "5"]
[White "Stuhlmann, Felix"]
[Black "Henrich, David"]
[Result "1/2-1/2"]
[WhiteElo "1648"]
[BlackElo "2135"]
[PlyCount "61"]
[EventDate "2018.05.30"]
[EventType "swiss"]
[EventRounds "7"]
[EventCountry "GER"]
[SourceTitle "EXT 2019"]
[Source "ChessBase"]
[SourceDate "2018.10.10"]
[SourceVersion "1"]
[SourceVersionDate "2018.10.10"]
[SourceQuality "1"]

1. e4 e5 2. Nf3 d6 3. d4 exd4 4. Nxd4 Nf6 5. Nc3 Be7 6. Bf4 0-0 7. Qd2 a6 8. f3 b5 9. 0-0-0 Ra7 10. g4 b4 11. Nd5 Nxd5 12. exd5 a5 13. g5 a4 14. Kb1 Bd7 15. h4 b3 16. a3 bxc2+ 17. Qxc2 g6 18. Bd3 Kg7 19. Qc3 Kg8 20. h5 Bxg5 21. Bxg5 Qxg5 22. hxg6 fxg6 23. Rdg1 Qf6 24. f4 Qxf4 25. Rf1 Qe5 26. Rxf8+ Kxf8 27. Rxh7 c5 28. dxc6 Nxc6 29. Nxc6 Qxc3 30. bxc3 Rc7 31. Be4 1/2-1/2

[Event "Rhein Main op-A 21st"]
[Site "Bad Homburg"]
[Date "2018.06.01"]
[Round "4"]
[White "Henrich, David"]
[Black "Lesny, Florian"]
[Result "1/2-1/2"]
[WhiteElo "2135"]
[BlackElo "2051"]
[PlyCount "57"]
[EventDate "2018.05.30"]
[EventType "swiss"]
[EventRounds "7"]
[EventCountry "GER"]
[SourceTitle "EXT 2019"]
[Source "ChessBase"]
[SourceDate "2018.10.10"]
[SourceVersion "1"]
[SourceVersionDate "2018.10.10"]
[SourceQuality "1"]

1. c4 c5 2. Nf3 Nc6 3. Nc3 g6 4. e3 Nf6 5. d4 cxd4 6. exd4 d5 7. Bg5 Be6 8. Qd2 Bg7 9. cxd5 Nxd5 10. Bb5 Qb6 11. 0-0 Nxc3 12. Bxc6+ Qxc6 13. bxc3 f6 14. Bh6 0-0 15. Rfe1 Rfe8 16. Bxg7 Kxg7 17. Re3 Bd5 18. Rae1 e6 19. Nh4 Qa6 20. Rh3 g5 21. Rg3 Qxa2 22. Rxg5+ fxg5 23. Qxg5+ Kf7 24. Qf4+ Kg7 25. Qg3+ Kf7 26. Qf4+ Kg7 27. Qc7+ Kg8 28. Qg3+ Kf7 29. Qf4+ 1/2-1/2

[Event "Rhein Main op-A 21st"]
[Site "Bad Homburg"]
[Date "2018.05.30"]
[Round "1"]
[White "Hinrichs, Paul"]
[Black "Henrich, David"]
[Result "0-1"]
[WhiteElo "1847"]
[BlackElo "2135"]
[PlyCount "120"]
[EventDate "2018.05.30"]
[EventType "swiss"]
[EventRounds "7"]
[EventCountry "GER"]
[SourceTitle "EXT 2019"]
[Source "ChessBase"]
[SourceDate "2018.10.10"]
[SourceVersion "1"]
[SourceVersionDate "2018.10.10"]
[SourceQuality "1"]

1. d4 d6 2. c4 Nf6 3. Nc3 Nbd7 4. e4 e5 5. d5 Nc5 6. f3 a5 7. Be3 Nfd7 8. b3 Be7 9. Qd2 h6 10. Nh3 Nb6 11. Bxc5 dxc5 12. Nf2 Bg5 13. Qe2 a4 14. Rb1 axb3 15. axb3 0-0 16. Nd3 Nd7 17. g3 h5 18. Bh3 Qe7 19. 0-0 g6 20. f4 Bf6 21. Nb5 exf4 22. gxf4 c6 23. d6 Qd8 24. Nc7 Bd4+ 25. Kh1 Rb8 26. e5 Nxe5 27. Bxc8 Nxd3 28. Be6 Nb4 29. Qe4 Qf6 30. f5 g5 31. Rbe1 Bc3 32. Re2 Kg7 33. d7 Kh6 34. h4 Rg8 35. hxg5+ Rxg5 36. Ne8 Qe7 37. Qf4 Rxe8 38. dxe8Q Qxe8 39. f6 Nd3 40. Qe3 Qxe6 41. Qxe6 fxe6 42. f7 Bg7 43. Rxe6+ Kh7 44. Re7 Bf8 45. Rxb7 Kg7 46. Kh2 Ne5 47. Kh3 Ng6 48. Rb6 Bd6 49. Rf3 Nf4+ 50. Rxf4 Bxf4 51. Rxc6 Kxf7 52. Kh4 Rf5 53. Rb6 Bd2 54. Rd6 Be1+ 55. Kh3 Rf3+ 56. Kg2 Rxb3 57. Rd5 Bb4 58. Rxh5 Rc3 59. Rh4 Rd3 60. Rh1 Bd2 0-1

[Event "Hofheim Spring op 6th"]
[Site "Hofheim"]
[Date "2018.04.07"]
[Round "8"]
[White "Boehm, Thomas1111"]
[Black "Henrich, David"]
[Result "1/2-1/2"]
[WhiteElo "2179"]
[BlackElo "2096"]
[PlyCount "56"]
[EventDate "2018.04.03"]
[EventType "swiss"]
[EventRounds "9"]
[EventCountry "GER"]
[SourceTitle "CBM 183 Extra"]
[Source "ChessBase"]
[SourceDate "2018.04.19"]
[SourceVersion "1"]
[SourceVersionDate "2018.04.19"]
[SourceQuality "1"]

1. Nf3 Nf6 2. g3 g6 3. Bg2 Bg7 4. 0-0 c5 5. c4 Nc6 6. Nc3 0-0 7. d4 cxd4 8. Nxd4 Ng4 9. e3 Nge5 10. b3 d6 11. Bb2 Nb4 12. Nd5 Nbd3 13. Bc3 Nc5 14. b4 Ncd7 15. Qb3 e6 16. Nf4 Qe7 17. Rac1 a6 18. Rfd1 Rd8 19. Bb2 Rb8 20. Ba3 b5 21. cxb5 axb5 22. Nfe2 d5 23. f4 Nc4 24. Nc6 Qe8 25. Nxd8 Ra8 26. Nc6 Rxa3 27. Qb1 Ndb6 28. Ncd4 Nxe3 1/2-1/2

[Event "Hofheim Spring op 6th"]
[Site "Hofheim"]
[Date "2018.04.03"]
[Round "1"]
[White "Nitin, Senthilvel"]
[Black "Henrich, David"]
[Result "1-0"]
[WhiteElo "2408"]
[BlackElo "2096"]
[PlyCount "57"]
[EventDate "2018.04.03"]
[EventType "swiss"]
[EventRounds "9"]
[EventCountry "GER"]
[SourceTitle "CBM 183 Extra"]
[Source "ChessBase"]
[SourceDate "2018.04.19"]
[SourceVersion "1"]
[SourceVersionDate "2018.04.19"]
[SourceQuality "1"]

1. e4 e5 2. Nf3 d6 3. d4 exd4 4. Nxd4 Nf6 5. Nc3 Be7 6. Bf4 0-0 7. Qd2 Nc6 8. 0-0-0 Nxd4 9. Qxd4 Be6 10. f3 a6 11. g4 c5 12. Qd2 Qa5 13. Kb1 Rfe8 14. h4 b5 15. h5 b4 16. Nd5 Nxd5 17. exd5 Bd7 18. g5 Bf5 19. Bd3 Bxd3 20. Qxd3 Bf8 21. g6 fxg6 22. hxg6 h6 23. Qf5 Qc7 24. Rde1 Re7 25. Re6 Rae8 26. b3 Qd7 27. Rhe1 Kh8 28. Bg5 Rxe6 29. dxe6 1-0

[Event "Oberliga Ost-B 1718"]
[Site "Germany"]
[Date "2018.02.25"]
[Round "8.3"]
[White "Schneider, Christian1111"]
[Black "Henrich, David"]
[Result "1-0"]
[WhiteElo "2215"]
[BlackElo "2092"]
[PlyCount "79"]
[EventDate "2017.10.22"]
[EventType "team-tourn"]
[EventRounds "11"]
[EventCountry "GER"]
[SourceTitle "EXT 2019"]
[Source "ChessBase"]
[SourceDate "2018.10.10"]
[SourceVersion "1"]
[SourceVersionDate "2018.10.10"]
[SourceQuality "1"]
[WhiteTeam "Stadtilm Blau Weiss"]
[BlackTeam "Frankfurt TV"]
[WhiteTeamCountry "GER"]
[BlackTeamCountry "GER"]

1. e4 e5 2. Nf3 d6 3. d4 exd4 4. Nxd4 Nf6 5. Nc3 Be7 6. Bc4 0-0 7. 0-0 Nc6 8. h3 Re8 9. Re1 Bf8 10. Bg5 Ne5 11. Bf1 c6 12. a4 a5 13. Qd2 h6 14. Bf4 Qb6 15. Be3 Qc7 16. f3 Ng6 17. Rad1 Bd7 18. Qf2 d5 19. Nb3 Bd6 20. Bb6 Qb8 21. exd5 Bg3 22. Rxe8+ Bxe8 23. Qd2 cxd5 24. Nxd5 Nh5 25. Bf2 Bh2+ 26. Kh1 Bxa4 27. Nb6 Bf4 28. Qd4 Bxb3 29. cxb3 Be5 30. Qc5 Ra7 31. Bc4 Ng3+ 32. Kg1 Nf5 33. Rd7 Nd6 34. Qd5 Kh7 35. Bd3 f6 36. Bc5 Ne8 37. Qf7 Bh2+ 38. Kh1 Qg3 39. Bf2 Qxf2 40. Bxg6+ 1-0